Переписка с Черниговским губернским комиссаром о заготовке материалов для выборов в Учредительное собрание по Черниговскому изби...

Доступно только в Электронных читальных залах Найти на картеНа карте
RUSMARC
00003901nac2a22002771x 450
001b78308bd-76af-4d99-939f-c1213157c923
00520160506150139.0
100##$a20160329l19171917k y0rusy50 ca
1010#$arus
102##$aRU
105##$ay z |||e|
1222#$ad19170828
$ad19171005
2001#$aПереписка с Черниговским губернским комиссаром о заготовке материалов для выборов в Учредительное собрание по Черниговскому избирательному округу
$j28 августа - 5 октября 1917
215##$a6 листов
251##$cДело
300##$aВ деле имеются телеграммы
300##$aМашинописный текст
324##$aВ деле имеются копии отдельных документов
330##$aВходит в раздел описи: Секретарская часть. VII отделение. I. Подготовка к выборам Учредительного собрания
461#0$1001f38943d8-1b5d-49e2-9def-25c6f5c8d56c
$12001
$aДЕПАРТАМЕНТ ОБЩИХ ДЕЛ МИНИСТЕРСТВА ВНУТРЕННИХ ДЕЛ ВРЕМЕННОГО ПРАВИТЕЛЬСТВА
$1251
$cФонд
$1852
$j1800
462#0$1001d7744de3-3264-4c7e-8223-d1d849bb701e
$12001
$a1917 г.
$vД. 252
$1251
$cОпись
$1852
$j1
60102$aДепартамент общих дел Министерства внутренних дел Временного правительства
60102$3RU\NLR\AUTH\8810361
$aВсероссийское учредительное собрание
$c1918
801#0$aRU
$bGA_RF
801#1$aRU
$bНПО Опыт
$c20160329
$2rusmarc
801#2$aRU
$bПБ им. Б.Н. Ельцина
$c20160506
$gRCR
$2rusmarc
852##$aГА РФ
$j252
937##$d73962655
$hПБ
035##$aRuPRLIB51037503
Формат отображения